The Simpsons Quiz - Medium Difficulty - Statistics

General Stats
  • This quiz has been taken 106 times
  • The average score is 8 of 15
Answer Stats
Hint Answer % Correct
Springfield's rival town is known as Shelbyville
82%
Marge's maiden name is Bouvier
79%
Which year was this iconic TV show released in? 1989
76%
The wife of Chief Wiggum Sarah
71%
The Itchy and Scratchy Show briefly had a 3rd member,known as Poochie
67%
Drederick Tatum is a parody of this well known boxer Mike Tyson
65%
This character's mocking of Homer led to his eventualdeath. Frank Grimes
59%
The opposite of "D'oh" Woo-hoo
55%
What is the adress of the Simpson's house? 742 Evergreen Terrace
54%
Homer Simpson has a long - lost brother named Herb
53%
The name of Apu's cousin Sanjay
50%
Kent Brockman regularly broadcasts on Channel 6
38%
What is the one piece of attire that Grandpa Simpsonis constantly wearing? Slippers
31%
Otto Mann's bride left him on his wedding day because of his obsessive love of Rock Music
19%
This character's death was never recorded, only referenced to Edna Krabappel
17%
No matching quizzes found
Score Distribution
Percent of People with Each Score
Percentile by Number Answered
Your Score History
You have not taken this quiz